Využitie digitálnych technológii v platobnom styku bakalárska práca

Uložené v:
Podrobná bibliografia
Hlavný autor: Kopča, Dominik
Korporativný autor: Obchodná fakulta EU. Katedra marketingu
Ďalší autori: Kuchta, Martin, 1990-
Médium: Kniha
Jazyk:Slovak
Vydavateľské údaje: Bratislava 2022
Tagy: Pridať tag
Žiadne tagy, Buďte prvý, kto otaguje tento záznam!

MARC

LEADER 00000nbm a2200000 4500
001 0285813
005 20230103124723.4
041 0 |a slo 
044 |a SK 
245 1 0 |a Využitie digitálnych technológii v platobnom styku  |b bakalárska práca  |c Dominik Kopča ; školiteľ: Martin Kuchta 
264 1 |a Bratislava  |c 2022 
300 |a 50 s. 
100 1 |a Kopča, Dominik 
700 1 |a Kuchta, Martin, 1990- 
710 2 |a Obchodná fakulta EU. Katedra marketingu